000 00307nam a2200097Ia 4500
005 20250424112853.0
008 250424s9999 xx 000 0 und d
300 _avi, 199 p. :ill. ; 28 cm.
650 _aEnvironmental management--Nigeria--Periodicals. Nigeria--Environmental policy--Periodicals.
942 _cSR
999 _c37614
_d37614